000 00833nam a2200229 i 4500
001 188986
003 ES-MaACL
005 20230906223341.0
007 t|
008 190308s1965 sp ||||1| spa d
100 1 _aGonzález García, Vicente José.
_954103
245 1 4 _aLas primera rutas jacobeas
_b: (parte local) /
_cVicente José G. García ; prólogo del Excmo.... Sr. Dr. D. Vicente Enrique y Tarancon.
260 _aOviedo :
_b[s.n.],
_c1965.
300 _aIII, 161 p. ;
_c24 cm.
490 1 _aSancta Ovetensis ;
_v4
650 4 _aPeregrinaciones cristianas-
_zSantiago de Compostela.
_915937
651 4 _aAsturias (Comunidad Autónoma)-
_xHistoria.
_9153455
700 1 _aEnrique y Tarancón, Vicente.
_947273
830 0 _aSancta Ovetensis ;
_v4
_9193248
852 _aES-MaACL
_jP-528-Bis-4
999 _c188986
_d188986